000 00548nam a2200229Ia 4500
005 20250425161607.0
008 250425s9999 xx 000 0 und d
041 _aspa
082 _a306
245 0 _aSISTEMAS ECONOMICOS ANDINOS
250 _a1A ED.
260 _aLIMA
_bS.E.
260 _aPerĂº
_bBIBLIOTECA ANDINA
_c1973
300 _a228
650 _aANTROPOLOGIA CULTURAL
650 _aORGANIZACION SOCIAL
650 _aPISOS ECOLOGICOS
650 _aQUECHUA
650 _aSISTEMAS ECONOMICOS
942 _c01
010 _a23857
999 _c212214
_d212214